01639nam a2200361 a 4500001001000000003000500010005001700015008004100032010001100073011001100084040000900095090001000104100004600114245023400160260004100394500006000435502010900495590004000604590004000644590004000684590004000724650002900764650003200793650003900825650002500864856007000889901000700959942001000966942000600976999001900982952014001001952013601141000112415CHAP20220329144304.0160315s2016 mx a fsm |||||||spa d a108876 a109848 cCHAP aTesis1 aEspinosa Mendoza, Álvaro Daniel913069510aInsecticidas neonicotinoides y cyantraniliprole para el control de Bemisia argentifolii Bellows & Perring en calabacita (Variedad Grey Zucchini Westar) en los Mochis, Sinaloa /h[En línea]cpor Álvaro Daniel Espinosa Mendoza. aChapingo, Méx. :bEl autor,c2016. aPara ver el contenido del material haga clic en la liga aTesis (Ing. Agr. Esp. en Parasitología Agrícola) -- UACH. Departamento de Parasitología Agrícola aE5995AHEb05c20160315lUCH01h1033 aE5995AHEb05c20160315lUCH01h1033 aE5995AHEb05c20160315lUCH01h1333 aE5995AHEb05c20160316lUCH01h084614aCalabazaxPlagas.91728914aControl de insectos.92759214aInsecticidasxAplicación.95885714aMosca blanca.978988 aFinding aiduhttp://10.13.5.2/tesis/sist112415.pdfzTeclea aquí aBK cTESIS n0 c108876d108876 00102local4053708TESISaBCbBCcPA_TESISd2016-03-15fTESISl0oTesisp33724002520710r2019-12-31 00:00:00tc.2w2019-12-31yTESIS 00104054718TESISaBCbBCd2016-03-15fTESISl0oTesisp33724002520751r2019-12-31 00:00:00w2019-12-31yTESISzRecien adquirido